[Event "Baden-ch U1700"]
[Site "Walldorf"]
[Date "2017.07.29"]
[Round "5"]
[White "Hauk, Roland"]
[Black "Amato, Riccardo"]
[Result "1/2-1/2"]
[WhiteElo "1707"]
[BlackElo "1719"]
[PlyCount "108"]
[EventDate "2017.07.26"]
[EventType "swiss"]
[EventRounds "7"]
[EventCountry "GER"]
[SourceTitle "EXT 2018"]
[Source "ChessBase"]
[SourceDate "2017.10.13"]
[SourceVersion "1"]
[SourceVersionDate "2017.10.13"]
[SourceQuality "1"]

1. e4 c5 2. Nf3 d6 3. d4 cxd4 4. Nxd4 Nf6 5. Nc3 g6 6. Be2 Bg7 7. Be3 0-0 8. Qd2 Nc6 9. 0-0-0 Re8 10. f3 h5 11. h3 Qa5 12. Nb3 Qd8 13. g4 Be6 14. Nd5 Bxd5 15. exd5 Ne5 16. g5 Nh7 17. f4 Nd7 18. Rdf1 Rc8 19. h4 Nc5 20. Nxc5 dxc5 21. c4 e6 22. Bf3 Qb6 23. Rh2 Qa6 24. b3 b5 25. cxb5 Qxb5 26. Be2 Qb4 27. Bc4 exd5 28. Qxd5 Rxe3 29. Qxf7+ Kh8 30. Qxg6 Qc3+ 31. Qc2 Re1+ 32. Rxe1 Qxe1+ 33. Qd1 Qc3+ 34. Qc2 Qe1+ 35. Qd1 Qxd1+ 36. Kxd1 Rd8+ 37. Kc2 Bd4 38. f5 Nf6 39. gxf6 Bxf6 40. Bf7 Rd4 41. Bxh5 Rxh4 42. Rxh4 Bxh4 43. Kd3 Be1 44. Kc4 Bb4 45. a4 Kg7 46. Kd5 Kf6 47. Ke4 a5 48. Be2 Bc3 49. Bd3 Bb4 50. Kd5 Ba3 51. Ke4 Bb4 52. Bc4 Bc3 53. Be6 Bb4 54. Kd5 Ba3 1/2-1/2

[Event "Baden-ch U1700"]
[Site "Walldorf"]
[Date "2017.07.28"]
[Round "4"]
[White "Amato, Riccardo"]
[Black "Erhardt, Kristian"]
[Result "1/2-1/2"]
[WhiteElo "1719"]
[BlackElo "1620"]
[PlyCount "70"]
[EventDate "2017.07.26"]
[EventType "swiss"]
[EventRounds "7"]
[EventCountry "GER"]
[SourceTitle "EXT 2018"]
[Source "ChessBase"]
[SourceDate "2017.10.13"]
[SourceVersion "1"]
[SourceVersionDate "2017.10.13"]
[SourceQuality "1"]

1. e4 e5 2. Nf3 Nc6 3. Bb5 Nf6 4. d3 Ne7 5. Nc3 c6 6. Ba4 Ng6 7. 0-0 Bc5 8. Nxe5 Nxe5 9. d4 Bd6 10. dxe5 Bxe5 11. Be3 Bxc3 12. bxc3 Nxe4 13. Qd4 Nf6 14. Bg5 0-0 15. Bb3 d5 16. Rfe1 Be6 17. Rad1 b6 18. a4 c5 19. Qe5 Re8 20. Bxf6 Qxf6 21. Bxd5 Qxe5 22. Rxe5 Rad8 23. c4 a6 24. Rde1 Kf8 25. f4 Bxd5 26. cxd5 f6 27. Rxe8+ Rxe8 28. Rxe8+ Kxe8 29. c4 Kd7 30. Kf2 Kd6 31. Ke3 f5 32. h3 Ke7 33. g4 g6 34. g5 Kd6 35. Kd3 a5 1/2-1/2

[Event "Baden-ch U1700"]
[Site "Walldorf"]
[Date "2017.07.26"]
[Round "1"]
[White "Folkhard, Waltraud"]
[Black "Amato, Riccardo"]
[Result "1-0"]
[WhiteElo "1755"]
[BlackElo "1719"]
[PlyCount "118"]
[EventDate "2017.07.26"]
[EventType "swiss"]
[EventRounds "7"]
[EventCountry "GER"]
[SourceTitle "EXT 2018"]
[Source "ChessBase"]
[SourceDate "2017.10.13"]
[SourceVersion "1"]
[SourceVersionDate "2017.10.13"]
[SourceQuality "1"]

1. d4 d5 2. c4 e6 3. Nf3 Nf6 4. e3 c6 5. Bd3 dxc4 6. Bxc4 Qa5+ 7. Bd2 Bb4 8. 0-0 0-0 9. Nc3 Nbd7 10. Qc2 Re8 11. a3 Bf8 12. Bd3 g6 13. Ne4 Qc7 14. Bc3 Nxe4 15. Bxe4 Nf6 16. Rac1 Nxe4 17. Qxe4 Bg7 18. Rfd1 Bd7 19. Qh4 Rad8 20. d5 exd5 21. Bxg7 Kxg7 22. Rxd5 Qb6 23. Rd2 Be6 24. Rcd1 Bd5 25. Qd4+ Qxd4 26. Rxd4 Rc8 27. h3 Re7 28. R1d2 Bxf3 29. gxf3 Rcc7 30. Kg2 c5 31. Rd6 b5 32. Kg3 c4 33. Ra6 Rb7 34. Rdd6 b4 35. axb4 Rxb4 36. Ra2 Rc7 37. f4 f5 38. Rda6 Rbb7 39. Kf3 Kh6 40. R6a5 Rb4 41. Ke2 Rcb7 42. Kf3 Rxb2 43. Rxa7 Rxa2 44. Rxa2 c3 45. Rc2 Rc7 46. Ke2 Kh5 47. f3 Kh4 48. Kf2 Kxh3 49. Rc1 Kh2 50. e4 c2 51. e5 Rc6 52. Ke3 Kg3 53. Kd3 Kxf3 54. Rxc2 Re6 55. Rc4 h5 56. Kd4 h4 57. Kd5 Ra6 58. e6 h3 59. e7 Ra7 1-0